LIBRARY & INFORMATION CENTRE, KCAET, TAVANUR

ONLINE PUBLIC ACCESS CATALOGUE (OPAC)

Hand book of energy utilization in agriculture / (Record no. 10136)

MARC details
000 -LEADER
fixed length control field 00423cam a2200157ua 4500
020 ## - INTERNATIONAL STANDARD BOOK NUMBER
ISBN 0 8493 2661 3
041 ## - LANGUAGE CODE
Language code of text/sound track or separate title eng
082 ## - DEWEY DECIMAL CLASSIFICATION NUMBER
Classification number 028.7163
Item number PIM/HA
100 ## - MAIN ENTRY--AUTHOR NAME
Personal name Pimentel, David .
245 ## - TITLE STATEMENT
Title Hand book of energy utilization in agriculture /
260 ## - PUBLICATION, DISTRIBUTION, ETC. (IMPRINT)
Place of publication Bocaratton :
Name of publisher CRC Press Inc. ,
Year of publication 1925.
300 ## - PHYSICAL DESCRIPTION
Number of Pages 475 ; .
942 ## - ADDED ENTRY ELEMENTS (KOHA)
Koha item type Books
Holdings
Withdrawn status Lost status Damaged status Home library Current library Date acquired Full call number Accession Number Koha item type
      KAUAET KAUAET 07/04/2012 028.7163 18012 Reference
free website counter